| 000 | 00348nam a2200133Ia 4500 | ||
|---|---|---|---|
| 008 | 231019s9999 xx 000 0 und d | ||
| 082 |
_a657.42 _bREH-C |
||
| 100 | _aDr. Ch.Abdul Rehman & Hafiz Atique Ahmad | ||
| 245 | 0 | _aCost Accounting | |
| 260 |
_aLahore, Pakistan _bGeo Publishers _c2017 |
||
| 300 | _a348 | ||
| 650 | _aAccounting | ||
| 999 |
_c34604 _d34604 |
||